Religion Quiz

Random Religion or Letter Quiz

'S' Ending Bible Books (A-Z) Quiz Stats

 Plays Quiz Updated Nov 23, 2016

Challenge
Share
Tweet
Embed
Score 0/12 Timer 02:00
4 Plays Today
Letter Book % Correct
GGenesis, Galatians
91.5%
EExodus, Ecclesiastes, Ephesians
89.3%
AActs, Amos
89.1%
CChronicles, Corinthians, Colossians
85.5%
PPsalms, Proverbs, Philippians
84.1%
LLeviticus, Lamentations
84%
JJudges, James
77.8%
NNumbers
77.4%
KKings
76%
TThessalonians, Titus
71%
RRomans
69.8%
HHebrews
60.5%

You're not logged in!

Compare scores with friends on all Sporcle quizzes.
OR
Log In

You Might Also Like...

Show Comments

Extras

Top Quizzes Today


Score Distribution

Your Account Isn't Verified!

In order to create a playlist on Sporcle, you need to verify the email address you used during registration. Go to your Sporcle Settings to finish the process.

Report this User

Report this user for behavior that violates our Community Guidelines.

Details: